The Smiths - Ask Lyrics - Statistics

General Stats
  • This quiz has been taken 181 times
    180 since last reset
  • The average score is 214 of 241
Answer Stats
Hint Answer % Correct
a
100%
I
100%
the
98%
to
98%
you
97%
Ask
95%
ask
95%
no
95%
then
95%
Then
95%
can
94%
like
94%
me
94%
and
93%
if
93%
If
93%
that
93%
doing
92%
from
92%
From
92%
in
92%
is
92%
stop
92%
you'd
92%
nice
91%
together
91%
all
90%
say
90%
things
90%
could
89%
So
89%
bomb
88%
How
88%
life
88%
love
88%
Verse 1 Shyness
88%
shyness
88%
it's
87%
not
87%
us
87%
won't
86%
bring
84%
something
83%
there's
82%
will
82%
try
81%
Verse 2 Coyness
76%
coyness
76%
girl
73%
summer
71%
Luxembourg
70%
days
69%
Bridge Spending
69%
Writing
68%
indoors
66%
verse
66%
want
66%
warm
66%
Because
65%
can't
64%
frightening
64%
buck
62%
Verse 4 Nature
62%
language
61%
read
56%
toothed
55%
Oh
40%
anybody
13%
No matching quizzes found
Score Distribution
Percent of People with Each Score
Percentile by Number Answered
Your Score History
You have not taken this quiz since the last reset